| 000 | 01105nam a22002657a 4500 | ||
|---|---|---|---|
| 003 | OSt | ||
| 005 | 20230126143955.0 | ||
| 007 | cr ||||||a|c|a | ||
| 008 | 221104s2019 mx d|||fom||| 001 0 spa d | ||
| 040 | _erda | ||
| 100 | 1 |
_949728 _aGómez Gómez, Armando |
|
| 245 | 1 |
_aSociedad civil y movimiento Zapatista: procesos, relaciones y contradicciones / _cArmando Gómez Gómez; diretor de tesis Luis Gerardo Esparza Hernández |
|
| 264 | 1 |
_aChapingo, México : _bEl autor, _c2019. |
|
| 300 | _a1 recurso en línea (128 páginas). | ||
| 336 |
_2rdacontent _atexto _btxt |
||
| 337 |
_2rdamedia _acomputadora _bc |
||
| 338 |
_2rdacarrier _arecurso en línea _bcr |
||
| 502 |
_bMCSR _cSociología _d2019. _gMAE |
||
| 504 | _aIncluye referencias bibliográficas: páginas 116-120 | ||
| 650 | 4 |
_979170 _aMovimientos sociales _xChiapas |
|
| 650 | 4 |
_922227 _aChiapas _xCondiciones sociales |
|
| 700 | 1 |
_937759 _aEsparza Hernández, Luis Gerardo _eDirector de tesis |
|
| 856 |
_uhttp://10.13.5.2/tesis/tm/2019_SR_Gomez_Gomez_Armando.pdf _zDESCARGAR PDF |
||
| 942 |
_2Clasificación Universidad Autónoma Chapingo _cTD |
||
| 999 |
_c217704 _d217704 |
||